Návšteva MSSaM vo firme MBB HUBFIX, s. r. o.

Podrobná bibliografia
Médium: Článok
Jazyk:slovenčina

MARC

LEADER 00000nab a2200000ua 4500
001 vtls010775361
003 SK-MaSNL
005 20260225182406.0
008 230121s2010 xo |||||||||||||||||slo|
035 |a (urnnbn)urn:nbn:sk:snk:ar-a04gxv 
035 |a (uuid)84b66c7a-2c08-4aa1-9f94-0ec0e442fe60 
035 |a urn:nbn:sk:snk-ab4s9a 
040 |a SNKBUCL  |b slo  |c SNKBUCL  |e AACR2 
041 0 |a slo 
044 |a xo  |c SK 
245 0 0 |a Návšteva MSSaM vo firme MBB HUBFIX, s. r. o. 
773 0 |t Magazín stavebné stroje a mechanizácia  |g Roč. 5, č. 5 (2010), s. 42-43 
954 |a odborná, vedecká literatúra pôvodná (slovenská)  |2 lita 
958 |a OND 
958 |a EUIPO 
958 |a article3 
999 |c 1859155  |d 1861085